Missing Word: Octopus V Quiz Stats

 Plays Quiz Updated Jun 2, 2012

Support Sporcle.
Go Orange.
Score 0/40 Timer 03:00
0 Plays Today
Missing Word % Correct
Beast
98.6%
Pooh
97.9%
Kat
97.4%
Anatomy
97.3%
Stars
96.9%
Way
96.7%
Lady
96.5%
Lion
96.1%
Pan
95.6%
Housewives
95.1%
Mart
95.1%
Three
94.1%
Coca
93.9%
Family
91.4%
Wife
91%
Johnson
89.5%
Club
88.6%
Smith
87.9%
America
87.9%
Milk
87.8%
Missing Word % Correct
Home
87.3%
Dancing
87.1%
Ocean's
85.8%
Mamma
85.4%
Taffy
84.5%
Red
83.4%
Thelma
83.2%
Gimme!
81.4%
Beethoven
77.1%
Chance
76.4%
Amadeus
72.7%
Joe
69.8%
Bruins
63.9%
Name
63.5%
Johann
63.5%
Chicago
59.4%
Colorado
51.5%
Senators
44.9%
Joseph
21.2%
George
17.3%

Today's Daily Dose

Word Ladder
ING Words

Get the Picture
Nearest Volcano

From the Vault

Premier League Scorers by Continent

by MetsJetsKnicks

Sports 5m
The Premier League needs more players from Zealandia.
Remove Ads.
Support Sporcle.
Get the best of Sporcle when you Go Orange. This ad-free experience offers more features, more stats, and more fun while also helping to support Sporcle. Thank you for becoming a member.

Show Comments

Extras

Top Quizzes Today


Score Distribution

Your Account Isn't Verified!

In order to create a playlist on Sporcle, you need to verify the email address you used during registration. Go to your Sporcle Settings to finish the process.

Report this User

Report this user for behavior that violates our Community Guidelines.

Details: